000 00649nam a22001937a 4500
005 20240530110921.0
008 220221s2000 ua a g b 000 0 ara d
040 _aEG-CaGPL
_cEG-CaGPL
082 0 4 _221
_a340.1 \
_bع ت
100 0 _aعبدالحكيم الذنون
245 1 2 _aالتشريعات البابلية /
_cعبدالحكيم الذنون
250 _aط.1
260 _aدمشق :
_bدار علاء الدين ،
_c2000
300 _a118 ص؛
_c24 سم
650 0 7 _aقانون حمورابى
_2qrmak
651 0 7 _2qrmak
_aبابل
_xقوانين وتشريعات
942 _2ddc
_cBK
999 _c66492
_d66492